000 00483nam a22001937a 4500
005 20260512164016.0
008 260512b |||||||| |||| 00| 0 eng d
020 _a9783030776947
_c8995.34
040 _aMAIN
041 _aEnglish
082 _a551.9
_bHOE
100 _aHoefs, Jochen
_926796
245 _aStable Isotope Geochemistry
250 _a9th
260 _aBerlin
_bSpringer
_c2021
300 _a504
650 _aEnvironment Science (PM USHA)
_926725
942 _cBK
999 _c60771
_d60771